[Event "BEL-ch U18"]
[Site "Blankenberge"]
[Date "2014.04.19"]
[Round "9"]
[White "Ingelaere, Tijl"]
[Black "Van de Vaerd, Miguel"]
[Result "0-1"]
[WhiteElo "1781"]
[BlackElo "1876"]
[PlyCount "54"]
[EventDate "2014.04.??"]
[EventType "swiss"]
[EventRounds "9"]
[EventCountry "BEL"]
[SourceTitle "EXT 2015"]
[Source "ChessBase"]
[SourceDate "2014.11.20"]
[SourceVersion "1"]
[SourceVersionDate "2014.11.20"]
[SourceQuality "1"]

1. e4 c5 2. Nf3 d6 3. d4 cxd4 4. Nxd4 Nf6 5. Nc3 a6 6. f3 e5 7. Nb3 Be6 8. Be3 Be7 9. Qd2 0-0 10. 0-0-0 a5 11. Bb5 Na6 12. g4 Nc7 13. g5 Nd7 14. Kb1 Qb8 15. h4 a4 16. Bxd7 Bxd7 17. Nc1 b5 18. h5 b4 19. Nd5 Nxd5 20. exd5 Rc8 21. Qd3 g6 22. hxg6 fxg6 23. Rd2 Bf5 24. Qe2 b3 25. a3 bxc2+ 26. Ka1 Qb7 27. Na2 Rab8 0-1

[Event "BEL-ch U18"]
[Site "Blankenberge"]
[Date "2014.04.16"]
[Round "6"]
[White "Snoeks, Pieter Jan"]
[Black "Ingelaere, Tijl"]
[Result "1-0"]
[WhiteElo "1843"]
[BlackElo "1781"]
[PlyCount "71"]
[EventDate "2014.04.??"]
[EventType "swiss"]
[EventRounds "9"]
[EventCountry "BEL"]
[SourceTitle "EXT 2015"]
[Source "ChessBase"]
[SourceDate "2014.11.20"]
[SourceVersion "1"]
[SourceVersionDate "2014.11.20"]
[SourceQuality "1"]

1. d4 e6 2. c4 d5 3. Nc3 Nf6 4. Nf3 b6 5. e3 Bb7 6. Bd3 c5 7. cxd5 Nxd5 8. 0-0 Nxc3 9. bxc3 Bd6 10. e4 h6 11. Re1 0-0 12. e5 Be7 13. Be4 Bxe4 14. Rxe4 Kh8 15. Rg4 Nc6 16. Bd2 f5 17. Rg6 Kh7 18. Rg3 Rg8 19. dxc5 bxc5 20. Qa4 Nxe5 21. Nxe5 Qxd2 22. Rd1 Qe2 23. Re3 Qh5 24. Nc6 Bf6 25. Rd7 Qe8 26. Rd6 e5 27. Qc4 Rb8 28. Nxb8 Qxb8 29. Qd3 e4 30. Qd1 Be5 31. Rd7 Bxh2+ 32. Kh1 Bf4 33. Rh3 c4 34. g3 Be5 35. Qh5 Kh8 36. Qxh6+ 1-0

[Event "BEL-ch U18"]
[Site "Blankenberge"]
[Date "2014.04.14"]
[Round "3"]
[White "Ingelaere, Tijl"]
[Black "Vanden Bussche, Steven"]
[Result "1-0"]
[WhiteElo "1781"]
[BlackElo "1758"]
[PlyCount "63"]
[EventDate "2014.04.??"]
[EventType "swiss"]
[EventRounds "9"]
[EventCountry "BEL"]
[SourceTitle "EXT 2015"]
[Source "ChessBase"]
[SourceDate "2014.11.20"]
[SourceVersion "1"]
[SourceVersionDate "2014.11.20"]
[SourceQuality "1"]

1. e4 c5 2. Nf3 Nc6 3. d4 cxd4 4. Nxd4 g6 5. Nc3 Bg7 6. Be3 Nf6 7. Qd2 0-0 8. f3 Re8 9. 0-0-0 d6 10. g4 Bd7 11. g5 Nh5 12. Be2 Bh8 13. Nb3 a6 14. f4 Ng7 15. h4 b5 16. h5 Nxh5 17. Bxh5 gxh5 18. f5 b4 19. Nd5 a5 20. Qh2 Qc8 21. Qxh5 Bxf5 22. exf5 Qxf5 23. Rdf1 Qg6 24. Qxg6+ hxg6 25. Nc7 a4 26. Nd2 b3 27. axb3 Nb4 28. Nxe8 Bxb2+ 29. Kxb2 a3+ 30. Kc3 Nd5+ 31. Kd4 Nb4 32. c3 1-0

[Event "BEL-ch U16"]
[Site "Houffalize"]
[Date "2011.04.18"]
[Round "2"]
[White "Ingelaere, Tijl"]
[Black "Hauglustaine, Sander"]
[Result "0-1"]
[WhiteElo "1726"]
[BlackElo "1835"]
[PlyCount "48"]
[EventDate "2011.04.17"]
[EventType "swiss"]
[EventRounds "9"]
[EventCountry "BEL"]
[SourceTitle "EXT 2012"]
[Source "ChessBase"]
[SourceDate "2011.11.24"]
[SourceVersion "1"]
[SourceVersionDate "2011.11.24"]
[SourceQuality "1"]

1. e4 c5 2. Nf3 Nc6 3. d4 cxd4 4. Nxd4 g6 5. Be3 Bg7 6. Nc3 Nf6 7. f3 0-0 8. Qd2 d6 9. 0-0-0 Be6 10. Kb1 Ne5 11. Nxe6 fxe6 12. Bd3 Qd7 13. Ne2 Rfc8 14. h4 Nc4 15. Bxc4 Rxc4 16. c3 b5 17. Nf4 Rb8 18. Rc1 b4 19. e5 bxc3 20. Rxc3 Rxc3 21. Qxc3 Nd5 22. Nxd5 exd5 23. Bd4 dxe5 24. Bxe5 Qf5+ 0-1

[Event "Enschede op-C U14"]
[Site "Enschede"]
[Date "2009.08.05"]
[Round "6"]
[White "Vastenhout, Raimond"]
[Black "Ingelaere, Tijl"]
[Result "0-1"]
[WhiteElo "1602"]
[BlackElo "1136"]
[PlyCount "62"]
[EventDate "2009.08.03"]
[EventType "swiss"]
[EventRounds "7"]
[EventCountry "NED"]
[SourceTitle "CBM 132 Extra"]
[Source "ChessBase"]
[SourceDate "2009.11.03"]
[SourceVersion "1"]
[SourceVersionDate "2009.11.03"]
[SourceQuality "1"]

1. e4 e6 2. d4 d5 3. exd5 exd5 4. Nf3 Bd6 5. Nc3 Ne7 6. Bd3 0-0 7. Be3 Nf5 8. 0-0 Nxe3 9. fxe3 c6 10. e4 Bg4 11. e5 Be7 12. Be2 f6 13. exf6 Bxf6 14. Ne5 Bxe2 15. Qxe2 Nd7 16. Nd1 Re8 17. Re1 Qc7 18. Nc3 Nxe5 19. dxe5 Bxe5 20. Qh5 Qb6+ 21. Kh1 Qxb2 22. Na4 Qxa1 23. Rxa1 Bxa1 24. h3 Re1+ 25. Kh2 Be5+ 26. g3 Rf8 27. h4 g6 28. Qh6 Rf2+ 29. Kh3 Rg1 30. Qg5 Rh1+ 31. Kg4 h5+ 0-1

[Event "Enschede op-C U14"]
[Site "Enschede"]
[Date "2009.08.04"]
[Round "2"]
[White "Van der Werff, Frank"]
[Black "Ingelaere, Tijl"]
[Result "1-0"]
[WhiteElo "1728"]
[BlackElo "1136"]
[PlyCount "47"]
[EventDate "2009.08.03"]
[EventType "swiss"]
[EventRounds "7"]
[EventCountry "NED"]
[SourceTitle "CBM 132 Extra"]
[Source "ChessBase"]
[SourceDate "2009.11.03"]
[SourceVersion "1"]
[SourceVersionDate "2009.11.03"]
[SourceQuality "1"]

1. e4 e6 2. d4 d5 3. Nc3 Bb4 4. e5 c5 5. Bd2 a6 6. Qg4 cxd4 7. Qxg7 dxc3 8. bxc3 Be7 9. Qxh8 Kd7 10. Qxh7 Qf8 11. Nf3 Nc6 12. Be2 b5 13. 0-0 Bc5 14. a4 Rb8 15. axb5 axb5 16. Rfb1 b4 17. cxb4 Bxb4 18. Bxb4 Rxb4 19. Rxb4 Nxb4 20. Ra7+ Kc6 21. Rxf7 Qe8 22. Nd4+ Kb6 23. c3 Nc6 24. Qb1+ 1-0

[Event "BEL-ch U14"]
[Site "Houffalize"]
[Date "2009.04.15"]
[Round "4"]
[White "Pauwels, Bryan"]
[Black "Ingelaere, Tijl"]
[Result "1/2-1/2"]
[WhiteElo "1749"]
[BlackElo "1448"]
[PlyCount "113"]
[EventDate "2009.04.13"]
[EventType "swiss"]
[EventRounds "9"]
[EventCountry "BEL"]
[SourceTitle "EXT 2012"]
[Source "ChessBase"]
[SourceDate "2011.11.24"]
[SourceVersion "1"]
[SourceVersionDate "2011.11.24"]
[SourceQuality "1"]

1. d4 Nf6 2. c4 g6 3. Nc3 Bg7 4. e4 d6 5. g3 0-0 6. Bg2 e5 7. d5 Nbd7 8. Nge2 Ne8 9. 0-0 f5 10. f4 Qe7 11. Rb1 Nc5 12. fxe5 Qxe5 13. Bf4 Qe7 14. Qc2 Nf6 15. Bg5 h6 16. Bxf6 Bxf6 17. b4 Nd7 18. Rbe1 Nb6 19. Qd3 Be5 20. Nd4 Qf6 21. Nde2 Qe7 22. Rf2 fxe4 23. Rxf8+ Qxf8 24. Bxe4 g5 25. Rf1 Qg7 26. Kg2 Bg4 27. h3 Bd7 28. g4 Rf8 29. Rxf8+ Qxf8 30. a3 Nc8 31. Qe3 b6 32. Bc2 c5 33. b5 Ne7 34. Qf3 Qxf3+ 35. Kxf3 Kg7 36. Ne4 Ng6 37. N2g3 Bxg3 38. Nxg3 Nh4+ 39. Kf2 Kf6 40. Be4 Ke5 41. Ke3 Be8 42. a4 Bf7 43. Nh1 Ng6 44. Nf2 Nf4 45. Bb1 h5 46. Nd3+ Nxd3 47. Bxd3 hxg4 48. hxg4 Kf6 49. Bf5 Be8 50. Ke4 Bf7 51. Bd7 Bg6+ 52. Bf5 Bxf5+ 53. gxf5 g4 54. Kf4 g3 55. Kxg3 Kxf5 56. Kf3 Kg5 57. Kg3 1/2-1/2

[Event "Twente Young Master op-D"]
[Site "Twente"]
[Date "2007.08.10"]
[Round "12"]
[White "Ingelaere, Tijl"]
[Black "Turk, Casper"]
[Result "1-0"]
[WhiteElo "793"]
[BlackElo "971"]
[PlyCount "95"]
[EventDate "2007.08.06"]
[EventType "swiss"]
[EventRounds "13"]
[EventCountry "NED"]
[SourceTitle "EXT 2008"]
[Source "ChessBase"]
[SourceDate "2007.11.25"]
[SourceVersion "1"]
[SourceVersionDate "2007.11.25"]
[SourceQuality "1"]

1. e4 e5 2. Nf3 Nc6 3. Bb5 d6 4. d4 Nf6 5. Nc3 Bd7 6. Bg5 exd4 7. Nxd4 a6 8. Ba4 b5 9. Nxc6 Bxc6 10. Bxf6 Qxf6 11. Bb3 Bxe4 12. Nxe4 Qe5 13. Bd5 Rc8 14. Bc6+ Kd8 15. 0-0 d5 16. Bxd5 Bd6 17. Nxd6 Qxd6 18. Bb7 Rb8 19. Qxd6+ cxd6 20. Bxa6 Rb6 21. Bxb5 Rxb5 22. b3 Re5 23. a4 d5 24. a5 d4 25. a6 Kc7 26. b4 Kb6 27. Ra4 Ra8 28. Rfa1 Rae8 29. g3 Re2 30. R1a2 Ra8 31. Kf1 d3 32. cxd3 Rxa2 33. Rxa2 Rxa6 34. Rxa6+ Kxa6 35. Ke2 Kb5 36. Ke3 Kxb4 37. Ke4 Kc3 38. d4 Kd2 39. d5 Ke2 40. d6 Kxf2 41. d7 Kg2 42. d8Q Kxh2 43. Qh4+ Kg2 44. Qxh7 Kxg3 45. Qxg7+ Kh4 46. Qxf7 Kh3 47. Qg6 Kh2 48. Kf3 1-0

[Event "Twente Young Master op-D"]
[Site "Twente"]
[Date "2007.08.10"]
[Round "10"]
[White "Ingelaere, Tijl"]
[Black "Vastenhout, Raimond"]
[Result "0-1"]
[WhiteElo "793"]
[BlackElo "1337"]
[PlyCount "46"]
[EventDate "2007.08.06"]
[EventType "swiss"]
[EventRounds "13"]
[EventCountry "NED"]
[SourceTitle "EXT 2008"]
[Source "ChessBase"]
[SourceDate "2007.11.25"]
[SourceVersion "1"]
[SourceVersionDate "2007.11.25"]
[SourceQuality "1"]

1. e4 e5 2. Nf3 Nc6 3. Bb5 Bc5 4. 0-0 Nf6 5. d3 0-0 6. Nc3 d6 7. Bg5 Bg4 8. Nd5 Nd4 9. Nxf6+ gxf6 10. Bh6 Nxb5 11. h3 Bh5 12. Bxf8 Qxf8 13. c3 Rd8 14. b4 Nxc3 15. Qb3 Bxf3 16. gxf3 Bd4 17. Rae1 Kh8 18. Qc4 Qh6 19. Kh2 Qf4+ 20. Kh1 Rg8 21. Re3 Bxe3 22. fxe3 Qg3 23. Qe6 Qg2# 0-1

[Event "Twente Young Master op-D"]
[Site "Twente"]
[Date "2007.08.09"]
[Round "8"]
[White "Ingelaere, Tijl"]
[Black "Soeterbroek, Jaimy"]
[Result "0-1"]
[WhiteElo "793"]
[BlackElo "1409"]
[PlyCount "52"]
[EventDate "2007.08.06"]
[EventType "swiss"]
[EventRounds "13"]
[EventCountry "NED"]
[SourceTitle "EXT 2008"]
[Source "ChessBase"]
[SourceDate "2007.11.25"]
[SourceVersion "1"]
[SourceVersionDate "2007.11.25"]
[SourceQuality "1"]

1. e4 e5 2. Nf3 Nc6 3. Bb5 a6 4. Ba4 b5 5. Bb3 Nf6 6. Nc3 Bc5 7. 0-0 d6 8. d3 Bg4 9. Bg5 Nd4 10. Nd5 Nxf3+ 11. gxf3 Bh3 12. Re1 c6 13. Nxf6+ gxf6 14. Bh4 Rg8+ 15. Bg3 h5 16. Kh1 h4 17. Bxh4 Bg2+ 18. Kg1 Bxf3+ 19. Kf1 Bxd1 20. Raxd1 Qd7 21. Bg3 Qh3+ 22. Ke2 f5 23. Kd2 Qh6+ 24. Kc3 Bd4+ 25. Kb4 a5+ 26. Ka3 Bc5# 0-1